Movies Quiz

Random Movies or Actor Quiz
Score 0/36 Timer 10:00
0 Plays Today
Actors Movie % Correct
Tom HanksBig
84.4%
Tom HanksPhiladelphia
57.7%
Tom HanksSully
52.1%
Angelina JolieSalt
51.4%
Robert De NiroGoodfellas
44.4%
Tom CruiseValkyrie
42.6%
Morgan FreemanInvictus
41.3%
Robert De NiroCasino
39.7%
Bruce WillisArmageddon
38.4%
Robin WilliamsFlubber
36.4%
Brad PittTroy
35.9%
Morgan FreemanUnforgiven
35%
Bruce WillisUnbreakable
34.9%
Kirsten DunstJumanji
34.5%
Denzel WashingtonFlight
33.7%
Brad PittFury
33.1%
Robin WilliamsHook
32.6%
Denzel WashingtonGlory
32.1%
Actors Movie % Correct
Morgan FreemanSe7en
31.9%
Tom CruiseCollateral
31.4%
Tom CruiseOblivion
31.3%
Matt DamonElysium
31%
Angelina JolieMaleficent
29%
Meryl StreepDoubt
28.6%
Angelina JolieWanted
26.7%
Brad PittBabel
25.3%
Robin WilliamsInsomnia
23.3%
Matt DamonRounders
22.3%
Bruce WillisLooper
21.7%
Kirsten DunstMelancholia
16.4%
Meryl StreepAdaptation.
15.8%
Denzel WashingtonUnstoppable
14.3%
Kirsten DunstElizabethtown
12.9%
Meryl StreepManhattan
8.7%
Robert De NiroLimitless
8%
Matt DamonContagion
7.7%
Remove Ads.
Support Sporcle.
Get the best of Sporcle when you Go Orange. This ad-free experience offers more features, more stats, and more fun while also helping to support Sporcle. Thank you for becoming a member.

You're not logged in!

Compare scores with friends on all Sporcle quizzes.
OR
Log In

Show Comments

Extras

Top Quizzes Today


Score Distribution

Your Account Isn't Verified!

In order to create a playlist on Sporcle, you need to verify the email address you used during registration. Go to your Sporcle Settings to finish the process.

Report this User

Report this user for behavior that violates our Community Guidelines.

Details: